Basic Mechanical Engineering (Record no. 335890)
[ view plain ]
| 000 -LEADER | |
|---|---|
| fixed length control field | 00449nam a2200169Ia 4500 |
| 008 - FIXED-LENGTH DATA ELEMENTS--GENERAL INFORMATION | |
| fixed length control field | 230718s9999 xx 000 0 und d |
| 020 ## - INTERNATIONAL STANDARD BOOK NUMBER | |
| International Standard Book Number | 9789381075357 |
| 041 ## - LANGUAGE CODE | |
| Language code of text/sound track or separate title | eng |
| 082 ## - DEWEY DECIMAL CLASSIFICATION NUMBER | |
| Classification number | 621.1 |
| Item number | ISR |
| 100 ## - MAIN ENTRY--PERSONAL NAME | |
| Personal name | Israni A.R. |
| 245 ## - TITLE STATEMENT | |
| Title | Basic Mechanical Engineering |
| 260 ## - PUBLICATION, DISTRIBUTION, ETC. (IMPRINT) | |
| Date of publication, distribution, etc. | 2011 |
| Name of publisher, distributor, etc. | BS Publications |
| 300 ## - PHYSICAL DESCRIPTION | |
| Extent | 652 |
| 365 ## - TRADE PRICE | |
| Currency code | Rs. |
| Price amount | 325.00 |
| 700 ## - ADDED ENTRY--PERSONAL NAME | |
| Personal name | Israni A.R. & Shah P.K. |
| 906 ## - LOCAL DATA ELEMENT F, LDF (RLIN) | |
| d | O:0384424-Apr-2014B:IN 101-Apr-2014 |
| c | MECH |
| b | 260 |
| Withdrawn status | Lost status | Damaged status | Not for loan | Home library | Current library | Date acquired | Vendor | Budget Code | Cost, normal purchase price | Bill number | Total Checkouts | Full call number | Barcode | Date last seen | Date last checked out | Discount | Cost, replacement price | Bill Date | Koha item type | Original Barcode |
|---|---|---|---|---|---|---|---|---|---|---|---|---|---|---|---|---|---|---|---|---|
| Cummins College of Engineering for Women Pune | Cummins College of Engineering for Women Pune | 24/04/2014 | Pradeep Book Distributors | MECH | 260.00 | IN 1 | 3 | 621.1 | CCEP-BK-47097 | 24/09/2025 | 19/09/2025 | 260 | 325.00 | 01/04/2014 | Books | 047097 |